| 000 | 00457nam a2200157 i 4500 | ||
|---|---|---|---|
| 001 | 130094 | ||
| 003 | ES-MaACL | ||
| 005 | 20230906193635.0 | ||
| 007 | t| | ||
| 008 | 070718s1919 fr ||||1| fre d | ||
| 100 | 1 |
_aZurlinden, Emile Auguste François Thomas. _9118545 |
|
| 245 | 1 | 3 |
_aLa guerre de liberation 1914-1918 / _cZurlinden. |
| 260 |
_aParis : _b[Coulonimiers-Paul Birdard], _c1919. |
||
| 300 |
_a2 v. ; _c19 cm. |
||
| 852 |
_aES-MaACL _jF-10550-1 |
||
| 999 |
_c130094 _d130094 |
||